Subsidence damage to domestic buildings (Record no. 107270)
[ view plain ]
| 000 -LEADER | |
|---|---|
| fixed length control field | 01229cam a22002775a 4500 |
| 001 - CONTROL NUMBER | |
| control field | L139047 |
| 008 - FIXED-LENGTH DATA ELEMENTS--GENERAL INFORMATION | |
| fixed length control field | 070720s2007 xxkaco f 000 0 eng d |
| 020 ## - INTERNATIONAL STANDARD BOOK NUMBER | |
| International Standard Book Number | 9781860819773 |
| 035 ## - SYSTEM CONTROL NUMBER | |
| System control number | (Sirsi) u139047 |
| 041 0# - LANGUAGE CODE | |
| Language code of text/sound track or separate title | eng |
| 050 04 - LIBRARY OF CONGRESS CALL NUMBER | |
| Classification number | 690.25 $2 18 |
| 100 1# - MAIN ENTRY--PERSONAL NAME | |
| Personal name | Driscoll, Richard |
| 245 00 - TITLE STATEMENT | |
| Title | Subsidence damage to domestic buildings |
| Remainder of title | a good guide to technical practice |
| 260 ## - PUBLICATION, DISTRIBUTION, ETC. | |
| Place of publication, distribution, etc. | IHS BRE Press |
| Name of publisher, distributor, etc. | Bracknell |
| Date of publication, distribution, etc. | 2007 |
| 300 ## - PHYSICAL DESCRIPTION | |
| Extent | viii, 57.p |
| Other physical details | ill. |
| Dimensions | 25 |
| 350 ## - PRICE (NR) (BK AM CF MU VM SE) [OBSOLETE] | |
| Price | 27.50 |
| 490 #0 - SERIES STATEMENT | |
| Series statement | BRE Reports |
| Volume/sequential designation | FB13 |
| 505 2# - FORMATTED CONTENTS NOTE | |
| Formatted contents note | Introduction -- Diagnosing subsidence damage -- Investigating clay shrinkage and swelling -- Subsidence monitoring -- Dealing with the subsidence and repairing the damage. |
| 520 ## - SUMMARY, ETC. | |
| Summary, etc. | Provides a guide to best practice in all the technical elements of subsidence damage to a domestic building. It provides a baseline of technical guidance that can be used by practising investigators of subsidence. It is intended particularly for training new investigators. Covers key aspects of the investiagtion and remediation of subsidence. |
| 590 ## - LOCAL NOTE (RLIN) | |
| Local note | ka |
| 651 #4 - SUBJECT ADDED ENTRY--GEOGRAPHIC NAME | |
| Geographic name | United Kingdom |
| Chronological subdivision | |
| 690 ## - LOCAL SUBJECT ADDED ENTRY--TOPICAL TERM (OCLC, RLIN) | |
| Topical term or geographic name as entry element | BUILT ENVIRONMENT-BUILDING PATHOLOGY |
| 700 1# - ADDED ENTRY--PERSONAL NAME | |
| Personal name | Skinner, Hilary |
| 942 ## - ADDED ENTRY ELEMENTS (KOHA) | |
| Suppress in OPAC | 0 |
| Withdrawn status | Lost status | Source of classification or shelving scheme | Damaged status | Not for loan | Home library | Current library | Shelving location | Date acquired | Cost, normal purchase price | Total Checkouts | Full call number | Barcode | Date last seen | Date last checked out | Copy number | Cost, replacement price | Price effective from | Koha item type |
|---|---|---|---|---|---|---|---|---|---|---|---|---|---|---|---|---|---|---|
| Dewey Decimal Classification | London | London | Books | 23/08/2007 | 27.50 | 13 | 690.25 DRI | 30074167 | 06/08/2019 | 18/01/2010 | 1 | 27.50 | 06/08/2019 | Book |